000 00447nab a2200145Ia 4500
003 ES-SlBCS
005 20210601125118.0
008 140529s1978 xxu||||| |||| 00| 0 eng d
041 _aeng
100 1 _aOaklander, L. Nathan
_9151622
245 0 4 _aThe Bundle Theory of Substance
_c L. Nathan Oaklander
650 0 4 _aTeoría de la Sustancia
_9154120
773 0 _tNew Scholasticism (The)
_gvol. 52, nº. 1, 1978, págs. 91-96
_wRev1674
942 _cAR
999 _c524918
_d524918